Sorts de League of Legends - Statistiques

Statistiques générales
  • Ce quiz a été pris 70 fois
    2 depuis la dernière actualisation
  • Le résultat moyen est 49 sur 891
Statistiques - réponses
Champion Sort Première lettre Réponse % Correct
Heimerdinger E G Grenade Electro-tempête CH-2
100%
Poppy P A Ambassadrice de fer
50%
Aurelion Sol R+ A Apocalypse
50%
Xayah E A Appel des lames
50%
Kalista R A Appel du destin
50%
Ornn R A Appel du Dieu de la forge
50%
Ezreal R A Arc térébrant
50%
Kog'maw R A Artillerie vivante
50%
Aphelios Q2 A Assaut
50%
Sion R A Assaut inarrêtable
50%
Twisted Fate Q A Atouts
50%
Vladimir W B Bain de sang
50%
Tryndamere E B Balafre
50%
Yorick P B Berger des âmes
50%
Zac R B Boing
50%
Shaco W B Boîte surprise
50%
Rengar E B Bolas
50%
Zilean Q B Bombe à retardement
50%
Corki Q B Bombe au phosphore
50%
Galio W B Bouclier de Durand
50%
Malphite P B Bouclier de granit
50%
Annie E B Bouclier en fusion
50%
Morgana E B Bouclier noir
50%
Nunu & Willump W B Boule de neige géante
50%
Nasus Q B Buveuse d'âmes
50%
Udyr W C Cape de fer
50%
Hecarim Q C Carnage
50%
Sett E C Casse-tête
50%
Ahri E C Charme
50%
Rengar R C Chasseur-né
50%
Amumu E C Colère
50%
Vayne E C Condamnation
50%
Jax E C Contre-attaque
50%
Sett W C Coup cathartique
50%
Tahm Kench Q C Coup de langue
50%
Illaoi Q C Coup de tentacule
50%
Veigar Q C Coup malin
50%
Garen W C Courage
50%
Sion E C Cri du tueur
50%
Briar E C Cri sanglant
50%
Lucian R D Déluge de balles
50%
Karthus P D Déni de mort
50%
Twisted Fate P D Dé pipé
50%
Amumu W D Désespoir
50%
Vel'Koz R D Désintégrateur de formes de vie
50%
Yone R D Destin scellé
50%
Sylas R D Détournement
50%
Karthus Q D Dévastation
50%
Tahm Kench R D Dévoration
50%
Syndra E D Dispersion des faibles
50%
Briar Q A À table
50%
Renekton R D Dominus
50%
Smolder P D Dragon en herbe
50%
Sivir R E En chasse
50%
Illaoi E E Épreuve de l'esprit
50%
Gangplank P E Épreuve du feu
50%
Rumble R E Éradication
50%
Hecarim W E Essence de la peur
50%
Thresh E F Fauchage
50%
Yuumi W F Félin pour l'autre
50%
Cho'Gath R F Festin
50%
Fizz E2 F Filou
50%
Jarvan IV Q F Frappe du dragon
50%
Corki E G Gatling
50%
Gnar R G GNAR
50%
Kha'Zix Q G Goût de la peur
50%
Nautilus R G Grenade ASM
50%
Galio E H Horion de la justice
50%
Briar W2 J Juste un croc
50%
Thresh R L La Cage
50%
Vex W L Lâchez-moi
50%
Sett R L Le clou du spectacle
50%
Briar P M Malédiction écarlate
50%
Vex P M Malheur et désespoir
50%
Karma R... M Mantra
50%
Veigar W M Matière noire
50%
Karthus W M Mur de douleur
50%
Yasuo W M Mur de vent
50%
Swain P N Nuée de corbeaux
50%
Mordekaiser Q O Oblitération
50%
Xerath W O Oeil de la destruction
50%
Lee Sin Q1 O Onde sonore
50%
Orianna Q O Ordre : Attaque
50%
Tahm Kench E P Peau épaisse
50%
Miss Fortune E P Pluie de balles
50%
Veigar P P Pouvoir maléfique phénoménal
50%
Fiddlesticks R R Rafale de corbeaux
50%
Lee Sin R R Rage du dragon
50%
Renekton P R Règne de la colère
50%
Karthus R R Requiem
50%
Kai'sa P S Seconde peau
50%
Samira W T Tourbillon de lame
50%
Hwei R V Vision de désespoir
50%
Yone P V Voie du chasseur
50%
Shyvana R V Vol du dragon
50%
Alistar R V Volonté de fer
50%
Jinx W Z Zap
50%
Nautilus Q A Abordage
0%
Senna P A Absolution
0%
Sona P A Accord de puissance
0%
Jax P A Acharnement
0%
Yone Q A Acier mortel
0%
Illaoi R A Acte de foi
0%
Heimerdinger P A Affinité Hextech
0%
Xerath P A Afflux de mana
0%
Gnar W1 A Agitation
0%
Riven Q A Ailes brisées
0%
Janna W A Alizé
0%
Heimerdinger R... A Amélioration
0%
Ivern P A Ami de la forêt
0%
Lux E A Anomalie radieuse
0%
Gnar E2 A Aplatissement
0%
Nilah R A Apothéose
0%
Nunu & Willump P A Appel de Freljord
0%
Naafiri R A Appel de la meute
0%
Soraka Q A Appel de l'étoile
0%
Malzahar Q A Appel du Néant
0%
Illaoi W A Âpre leçon
0%
Elise W1 A Araignée explosive
0%
Pantheon P A Ardeur mortelle
0%
Sona W A Aria de persévérance
0%
Shyvana P A Armure d'écailles
0%
Kayle P A Ascension divine
0%
Nidalee R A Aspect du cougar
0%
Sejuani Q A Assaut arctique
0%
Quinn Q A Assaut aveuglant
0%
Shen Q A Assaut crépusculaire
0%
Kha'Zix R A Assaut du Néant
0%
Maître Yi Q A Assaut éclair
0%
Pantheon W A Assaut martial
0%
Ahri R A Assaut spirituel
0%
Talon R A Assaut ténébreux
0%
Viego P A Assujettissement
0%
Zoé Q A Astro-pong
0%
Smolder W A Atchoum
0%
Alistar Q A Atomisation
0%
Lillia W A Attention désolée
0%
Diana R A Attraction lunaire
0%
Singed W A Attrape-mouche
0%
Qiyana E A Audace
0%
Camille W B Balayage tactique
0%
Bel'Veth R B Banquet infini
0%
Gangplank E B Baril de poudre
0%
Kog'Maw W B Barrage bio-arcanique
0%
Miss Fortune R B Barrage de plomb
0%
Corki R B Barrage de projectiles
0%
Shen P B Barrière de ki
0%
Blitzcrank P B Barrière de mana
0%
Lux W B Barrière prismatique
0%
Taric W B Bastion
0%
Skarner W B Bastion sismique
0%
Lillia P B Bâton chargé de rêves
0%
Séraphine E B Battement
0%
Zeri P B Batterie vivante
0%
Kog'Maw Q B Bave caustique
0%
Gnar W2 B Beigne
0%
Kayle W B Bénédiction céleste
0%
Nami E B Bénédiction de l'aquamancienne
0%
Taric Q B Bénédiction stellaire
0%
Akshan R B Bien mérité
0%
Séraphine R B Bis
0%
Cassiopeia Q B Bombe nocive
0%
Ziggs Q B Bombe rebondissante
0%
Zoé R B Bond dimensionnel
0%
Kha'zix E B Bond (Kha'zix)
0%
Nidalee W2 B Bond (Nidalee)
0%
Twisted Fate W B Bonne pioche
0%
Fiora E B Botte secrète
0%
Vi P B Bouclier antichoc
0%
Leona Q B Bouclier de l'aube
0%
Braum W B Bouclier humain
0%
Sivir E B Bouclier magique
0%
Rumble W B Bouclier recyclé
0%
Rammus W B Boule défensive
0%
Smolder Q B Boule de feu draconique
0%
Riven E B Bravoure
0%
Vi Q B Brise-coffre
0%
Brand Q B Brûlure
0%
Yorick E B Brume endeuillée
0%
Gwen W B Brume sacrée
0%
Zoé E B Bulle soporifique
0%
Quinn P B Busard
0%
Jarvan IV P C Cadence martiale
0%
Aphelios Arme 1 C Calibrum, le fusil de précision
0%
Udyr P C Canalisation des esprits
0%
Jayce R1 C Canon Mercury
0%
Jayce P C Capaciteur Hextech
0%
Swain E C Capture
0%
Rammus P C Carapace cloutée
0%
Cho'Gath P C Carnivore
0%
Varus W C Carquois meurtri
0%
Vayne W C Carreaux d'argent
0%
Jarvan IV R C Cataclysme
0%
Akshan W C Cavalier seul
0%
Lissandra W C Cercle de givre
0%
Yasuo E C Cercle tranchant
0%
Kled R C CHAAAAAAAARGEZ
0%
Varus R C Chaîne corruptrice
0%
LeBlanc E C Chaînes éthérées
0%
Aatrox W C Chaînes infernales
0%
Morgana R C Chaînes spirituelles
0%
Hwei QE C Champ de lave
0%
Blitzcrank R C Champ de stase
0%
Jayce W1 C Champ électrique
0%
Viktor W C Champ gravitationnel
0%
Xin Zhao E C Charge audacieuse
0%
Hecarim E C Charge dévastatrice
0%
Bel'Veth Q C Charge du Néant
0%
Tristana E C Charge explosive (Tristana)
0%
Ziggs W C Charge explosive (Ziggs)
0%
Poppy E C Charge héroïque
0%
Zeri E C Charge ionique
0%
Nidalee E1 C Charge primale
0%
Samira E C Charge sauvage
0%
Vayne P C Chasseresse nocturne
0%
Yuumi P C Chat-maraderie
0%
Yuumi R C Chat-pitre final
0%
Milio E C Chaud devant
0%
Lissandra E C Chemin glacial
0%
Viego E C Chemin tourmenté
0%
Malphite E C Choc au sol
0%
Ekko R C Chronofracture
0%
Elise E1 C Cocon
0%
Viego R C Coeur brisé
0%
Miss Fortune P C Coeur volage
0%
Sejuani W C Colère de l'hiver
0%
Nautilus W C Colère du titan
0%
Brand W C Colonne de flammes
0%
Fizz P C Combattant agile
0%
Vayne R C Combat ultime
0%
Poppy Q C Commotion
0%
Karma P C Concentration ardente
0%
Ashe Q C Concentration du ranger
0%
Brand E C Conflagration
0%
Twitch E C Contamination
0%
Warwick R C Contrainte infinie
0%
Dr. Mundo E C Contusion
0%
Ekko W C Convergence parallèle
0%
Diana W C Corps célestes
0%
Gragas E C Coup de bidon
0%
Garen Q C Coup décisif
0%
Evelynn E C Coup de fouet
0%
Maokai Q C Coup de ronces
0%
Alistar W C Coup de tête
0%
Malphite W C Coup de tonnerre
0%
Maître Yi P C Coup double
0%
Nautilus P C Coup écrasant
0%
Jayce E1 C Coup foudroyant
0%
Volibear Q C Coup fulgurant
0%
Lee Sin Q2 C Coup résonant
0%
K'Santé Q C Coups de ntofo
0%
Braum P C Coups étourdissants
0%
Vi W C Coups fracassants
0%
Rek'Sai Q1 C Courroux de la reine
0%
Qiyana Q2 C Courroux élémentaire
0%
Ryze Q C Court-circuit
0%
Darius E C Crampon
0%
Aurelion Sol P C Créateur cosmique
0%
Nocturne Q C Crépuscule
0%
Sona R C Crescendo
0%
Aphelios Arme 5 C Crescendum, le chakram
0%
Cho'Gath W C Cri sauvage
0%
Anivia W C Cristallisation
0%
Alistar P C Cri triomphant
0%
Zyra W C Croissance incontrôlée
0%
Lulu R C Croissance prodigieuse
0%
Maokai W C Croissance torturée
0%
Diana Q C Croissant lunaire
0%
Sylas Q C Croix du forçat
0%
Wukong R C Cyclone
0%
Naafiri Q D Dagues des Darkin
0%
Xayah Q D Dagues jumelles
0%
Thresh P D Damnation
0%
Irelia W D Danse de défi
0%
Fiora P D Danse de la duelliste
0%
Kindred Q D Danse des flèches
0%
Rakan R D Danse ultime
0%
Syndra R D Déchaînement de puissance
0%
Riven W D Décharge de ki
0%
Olaf Q D Déchireuse
0%
Darius Q D Décimation
0%
Vel'Koz P D Décomposition organique
0%
Nami P D Déferlantes
0%
Vex R D Déferlement d'Ombre
0%
Karma RE D Défi
0%
Dr. Mundo W D Défibrillateur
0%
Taliyah E D Défilage tellurique
0%
Fiora R D Défi suprême
0%
Graves R D Dégâts collatéraux
0%
Rammus Q D Démolisseur
0%
Warwick Q D Dents de la bête
0%
Senna W D Dernière étreinte
0%
Yasuo R D Dernier soupir
0%
Yorick Q D Derniers sacrements
0%
Annie Q D Désintégration
0%
Twisted Fate R D Destinée
0%
Bard R D Destin tempéré
0%
Renekton Q D Destruction des faibles
0%
Xin Zhao P D Détermination
0%
Talon Q D Diplomatie noxienne
0%
Jayce Q1 D Direction le ciel
0%
Vel'Koz E D Dislocation tectonique
0%
LeBlanc W D Distorsion
0%
Zilean E D Distorsion temporelle
0%
Draven E D Division
0%
Zac P D Division cellulaire
0%
Pyke P D Don des noyés
0%
Bard W D Don du gardien
0%
Dr. Mundo R D Dosage maximal
0%
Twitch W D Dose de venin
0%
Miss Fortune Q D Doublé
0%
Lillia R D Douce berceuse
0%
Azir W D Dresse-toi
0%
Lulu Q D Duo éclatant
0%
Irelia E D Duo parfait
0%
Taric E E Éblouissement
0%
Skarner P E Échos des vibrations
0%
Hwei QW E Éclair enflammé
0%
Lissandra Q E Éclat de glace
0%
Lux R E Éclat final
0%
Malphite Q E Éclat sismique
0%
Aphelios Q3 E Éclipse (Aphelios)
0%
Leona W E Éclipse (Leona)
0%
Graves W E Écran de fumée
0%
Wukong Q E Écrasement
0%
Shyvana W E Égide de feu
0%
Jarvan IV W E Égide dorée
0%
Pantheon E E Égide impénétrable
0%
Gwen E E Élan incisif
0%
Samira P E Élan téméraire
0%
Jax W E Élargissement
0%
Yorick R E Élégie des îles
0%
Twitch Q E Embuscade
0%
Skarner R E Empalement
0%
Maokai R E Emprise de la nature
0%
Lissandra P E Emprise de la sublimée
0%
Mordekaiser E E Emprise funeste
0%
Rek'sai W1 E Enfouissement
0%
Sylas E2 E Enlèvement
0%
Ivern Q E Enracinement
0%
Kayn W E Entaille sombre
0%
Quinn R E En territoire ennemi
0%
Jinx P E Enthousiasme
0%
Lux Q E Entrave de lumière
0%
Morgana Q E Entrave sombre
0%
Galio R E Entrée héroïque
0%
Rakan W E Entrée triomphale
0%
Akshan E E Envolée héroïque
0%
Aatrox Q E Épée des Darkin
0%
Zyra Q E Épines funestes
0%
Fiddlesticks P E Épouvantable épouvantail
0%
Soraka E E Equinoxe
0%
Shyvana E E Éruption
0%
Swain R2 E Éruption démoniaque
0%
Zeri R E Éruption électrique
0%
Leona R E Éruption solaire
0%
Nasus E E Esprit enflammé
0%
Rengar Q E Esprit sauvage
0%
Darius W E Estropiaison
0%
Hwei WW E Étang
0%
Jarvan IV E E Étendard demacien
0%
Zac Q E Étirements
0%
Aurelion Sol R E Étoile finale
0%
Sylas E1 E Évasion
0%
Naafiri E E Éviscération
0%
Karma E E Exaltation
0%
Pyke R E Exécution abyssale
0%
Neeko Q E Explosion florale
0%
Veigar R E Explosion primordiale
0%
Kalista E E Extirpation
0%
Evelynn R F Faiseuse de veuves
0%
Miss Fortune W F Fanfaronne
0%
Lulu W F Fantaisie
0%
Fiddlesticks E F Fauchaison
0%
Kayn P F Faux des Darkin
0%
Yone W F Fendoir spirituel
0%
Fiora Q F Fente
0%
Rell W1 F Ferromancie : Descendre en piqué
0%
Rell W2 F Ferromancie : Monter à cheval
0%
Irelia P F Ferveur ionienne
0%
Milio W F Feu de camp
0%
Hwei QQ F Feu dévastateur
0%
Sion W F Feu intérieur
0%
Caitlyn E F Filet de calibre 90
0%
Vel'Koz Q F Fission du plasma
0%
Kassadin R F Fissure
0%
Braum R F Fissure glaciale
0%
Lucian W F Flamboiement
0%
Karma Q F Flamme intérieure
0%
Karma RQ F Flamme persistante
0%
Brand Q F Flammes
0%
Urgot P F Flammes purificatrices
0%
Milio R F Flammes vitales
0%
Smolder E F Flap,flap,flap
0%
Ashe R F Flèche de cristal enchantée
0%
Varus Q F Flèche perforante
0%
Teemo Q F Fléchette aveuglante
0%
Nasus W F Flétrissement
0%
Jinx Q2 F Flip Flap - Bang-Bang le minigun
0%
Jinx Q1 F Flip Flap - Poiscaille le lance-roquettes
0%
Jhin W F Floraison mortelle
0%
Neeko R F Floraison renversante
0%
Ryze E F Flux envoûtant
0%
Ezreal W F Flux essentiel
0%
Nami W F Flux et reflux
0%
Volibear W F Folie mutilatrice
0%
Briar W1 F Folie sanguinaire
0%
Lee Sin W2 F Force d'âme
0%
Olaf W F Force décuplée
0%
Syndra W F Force de la volonté
0%
Ezreal P F Force grandissante
0%
Vi E F Force implacable
0%
Malphite R F Force indomptable
0%
Ornn P F Forgeron ambulant
0%
Elise R1 F Forme arachnéenne
0%
Elise R2 F Forme humaine
0%
Aatrox R F Fossoyeur des mondes
0%
Volibear E F Foudroiement
0%
Akshan P F Fourberie
0%
Ornn W F Fournaise
0%
Sion Q F Fracas meurtrier
0%
Lee Sin E2 F Fracture
0%
Ornn Q F Fracture magmatique
0%
Rammus R F Frappe ascendante
0%
Jax Q F Frappe bondissante
0%
Galio P F Frappe colossale
0%
Fizz Q F Frappe de l'oursin
0%
Xin Zhao Q F Frappe des trois serres
0%
Rell Q F Frappe dislocatrice
0%
Shyvana Q F Frappe enflammée
0%
Lillia Q F Frappe fleurie
0%
Olaf E F Frappe sauvage
0%
Kindred W F Frénésie de Loup
0%
Elise W2 F Frénésie symbiotique
0%
Zac E F Fronde
0%
Nasus R F Fureur des sables
0%
Rek'Sai P F Fureur des Xer'sai
0%
Sejuani P F Fureur du Nord
0%
Gragas R F Fût explosif
0%
Gragas Q F Fût roulant
0%
Samira R G Gâchette infernale
0%
Hecarim P G Galop
0%
Xin Zhao R G Garde circulaire
0%
Urgot W G Géhenne
0%
Anivia E G Gelure
0%
Sion P G Gloire posthume
0%
Viktor P G Glorieuse évolution
0%
Tahm Kench P G Goût acquis
0%
Cassiopeia P G Grâce serpentine
0%
Ivern E G Graine à retardement
0%
Lillia E G Graine tournoyante
0%
K'Santé R G Grand jeu
0%
Camille E G Grappin
0%
Blitzcrank Q G Grappin propulsé
0%
Aphelios Arme 3 G Gravitum, le canon gravitationnel
0%
Jhin Q G Grenade dansante
0%
Heimerdinger RE T Grenade éclair CH-3X
0%
Udyr Q G Griffe sauvage
0%
Nidalee W1 G Guérilla (Nidalee)
0%
Teemo P G Guérilla (Teemo)
0%
Gangplank W G Guérison du scorbut
0%
Wukong W G Guerrier espiègle
0%
Viego W G Gueule spectrale
0%
Darius R G Guillotine noxienne
0%
Draven Q H Hache tournoyante
0%
Naafiri W H Hallali
0%
Shaco R H Hallucination
0%
Rumble E H Harpon électrique
0%
Pyke Q H Harponnage
0%
Azir P H Héritage de Shurima
0%
Maître Yi R H Highlander
0%
Nocturne E H Horreur indicible
0%
Warwick E H Hurlement bestial
0%
Sona Q H Hymne à la bravoure
0%
Jayce W2 H Hypercharge
0%
Lux P I Illumination
0%
Dr. Mundo P I Il va où il veut
0%
LeBlanc P I Image miroir
0%
LeBlanc RE I Imitation : Chaînes éthérées
0%
LeBlanc RZ I Imitation : Distorsion
0%
LeBlanc RQ I Imitation : Sceau de malveillance
0%
Skarner E I Impact d'Ixtal
0%
Kayle Q I Incandescence
0%
Swain R1 I Incarnation démoniaque
0%
Braum E I Incassable
0%
Annie W I Incinération
0%
Mordekaiser W I Indestructible
0%
Aphelios Arme 4 I Infernum, le lance-flammes
0%
Soraka W I Infusion astrale
0%
Bard P I Instinct du voyageur
0%
K'Santé P I Instinct intrépide
0%
Kai'sa R I Instinct meurtrier
0%
Kayn R I Intrusion obscure
0%
Annie R I Invocation : Tibbers
0%
Rek'sai W2 J Jaillissement
0%
Zyra P J Jardin de ronces
0%
Nidalee Q1 J Javelot
0%
Maokai E J Jet d'arbrisseau
0%
Amumu Q J Jet de bandelette
0%
Gnar Q1 J Jet de boomerang
0%
Gnar Q2 J Jet de rocher
0%
K'Santé E J Jeu de jambes
0%
Nilah P J Joie éternelle
0%
Fizz E1 J Joueur
0%
Kled E J Joute
0%
Rell E J Joute endiablée
0%
Garen E J Jugement
0%
Kayle R J Jugement divin
0%
Garen R J Justice de Demacia
0%
Sivir Q L Lame boomerang
0%
Kayle E L Lame de feu stellaire
0%
Riven R L Lame de l'exilée
0%
Qiyana Q1 L Lame d'Ixtal
0%
Viego Q L Lame du Roi déchu
0%
Leona E L Lame du zénith
0%
Kassadin W L Lame éthérée
0%
Nilah Q L Lame fluide
0%
Katarina Q L Lame rebondissante
0%
Riven P L Lame runique
0%
Nocturne P L Lames d'ombre
0%
Diana P L Lame sélène
0%
Naafiri P L La meute s'agrandit
0%
Pantheon Q L Lance astrale
0%
Anivia Q L Lance de glace
0%
Rumble Q L Lance-flammes
0%
Akali E L Lancer acrobatique
0%
Zeri W L Laser électrocuteur
0%
Draven P L League of Draven
0%
Hecarim R L Légion des ombres
0%
Aphelios P L Le tueur et l'oracle
0%
Yone E L Libération spirituelle
0%
Bard Q L Lien cosmique
0%
Thresh W L Lien des ténèbres
0%
Kog'Maw E L Limon du Néant
0%
Nocturne W L Linceul des ténèbres
0%
Akali E L Linceul nébuleux
0%
Katarina R L Lotus mortel
0%
Ahri Z L Lucioles
0%
Taric R L Lumière cosmique
0%
Lucian Q L Lumière perforante
0%
Hwei EE M Mâchoires chatoyantes
0%
Kennen R M Maelström
0%
Bel'Veth E M Maelström impérial
0%
Kalista P M Maintien martial
0%
Ivern W M Main verte
0%
Jax R M Maître d'armes
0%
Akali R M Maîtrise absolue
0%
Ryze P M Maîtrise des arcanes
0%
Amumu R M Malédiction d'Amumu
0%
Senna E M Malédiction de la Brume Noire
0%
Smolder R M MAMAAAN
0%
Nasus P M Mangeur d'âmes
0%
Aphelios Q4 M Marée nocturne
0%
Ivern R M Marguerite
0%
Akali P M Marque d'assassin
0%
Kindred P M Marque de Kindred
0%
Zed R M Marque de la mort
0%
Kennen P M Marque de tempête
0%
Jayce R2 M Marteau Mercury
0%
Zac W M Matière instable
0%
Ziggs P M Mèche courte
0%
Maître Yi W M Méditation
0%
Ziggs R M Méga bombe infernale
0%
Sona E M Mélodie de vélocité
0%
Kha'Zix P M Menace invisible
0%
Urgot E M Mépris
0%
Zed P M Mépris des faibles
0%
Bel'Veth P M Mer de lavande
0%
Neeko W M Métaclonage
0%
Pantheon R M Météore
0%
Cassiopeia W M Miasmes
0%
Heimerdinger W M Micro-roquettes Hextech
0%
Gwen P M Mille coupures
0%
Sivir P M Mille-pattes
0%
Ziggs E M Mines Hexplosives
0%
Neeko P M Mirage inné
0%
Nidalee Q2 M Mise à terre
0%
Vi R M Mise en demeure
0%
Rell P M Mise en pièces
0%
Vex Q M Mistral perdant
0%
Kayn Q M Moisson cruelle
0%
Fiddlesticks W M Moisson fructueuse
0%
Trundle E M Montagne de glace
0%
Tryndamere W M Moquerie
0%
Trundle Q M Morsure
0%
Braum Q M Morsure de l'hiver
0%
Cassiopeia E M Morsure fatale
0%
Rek'Sai E1 M Morsure féroce
0%
Elise Q2 M Morsure venimeuse
0%
Janna R M Mousson
0%
Corki P M Munitions Hextech
0%
Taliyah R M Mur de la tisseuse
0%
Jhin P M Murmure
0%
Hwei QR/WR/ER N Nettoyer le pinceau
0%
Elise Q1 N Neurotoxine
0%
Wukong E N Nimbus
0%
Séraphine Q N Note aiguë
0%
Graves P N Nouvelle destinée
0%
Heimerdinger RW T Nuée de Roquettes Hextech
0%
Malzahar W N Nuée du Néant
0%
Hwei WE N Nuit étoilée
0%
Quinn W O Oeil d'aigle
0%
Swain W O Oeil de l'Empire
0%
Hwei EW O Oeil des abysses
0%
Janna E O Oeil du cyclone
0%
Evelynn P O Ombre démoniaque
0%
Senna Q O Ombre perforante
0%
Zed W O Ombre vivante
0%
Xerath E O Orbe d'électrocution
0%
Ahri Q O Orbe d'illusion
0%
Kassadin Q O Orbe du Néant
0%
Jayce Q2 O Orbe électrique
0%
Orianna E O Ordre : Dissonance
0%
Orianna R O Ordre : Onde de choc
0%
Orianna W O Ordre : Protection
0%
Vel'Koz W O Ouverture de faille
0%
Caitlyn Q P Pacificateur de Piltover
0%
Vladimir P P Pacte de sang
0%
Samira Q P Panache
0%
Twitch R P Panique
0%
Twisted Fate E P Paquet
0%
Nocturne R P Paranoïa
0%
Azir R P Partition impériale
0%
Kayn E P Passe-muraille
0%
Renata Glasc W P Patronage
0%
Wukong P P Peau de pierre
0%
Fizz R P Pêche au gros
0%
Thresh Q P Peine capitale
0%
Kled W P Penchant pour la violence
0%
Kalista Q P Perforation
0%
Sejuani E P Permafrost
0%
Garen P P Persévérance
0%
Vladimir R P Peste sanguine
0%
Aphelios W P Phase
0%
Kled Q1 P Piège à ours en laisse
0%
Teemo R P Piège nocif
0%
Caitlyn W P Piège-Yordle
0%
Kassadin P P Pierre du Néant
0%
Alistar E P Piétinement
0%
Udyr E P Piétinement flamboyant
0%
Kha'Zix W P Pique du Néant
0%
Evelynn Q P Piques de haine
0%
Cho'gath E P Piques vorpales
0%
Gwen R P Piqûre
0%
Singed Q P Piste empoisonnée
0%
Lucian P P Pistolero
0%
Kled Q2 P Pistolet de poche
0%
Lulu E P Pix à la rescousse
0%
Lulu P P Pix le compagnon féérique
0%
Darius P P Plaie béante
0%
Malzahar P P Plan du Néant
0%
Taric P P Plastronneur
0%
Tahm Kench W P Plongée abyssale
0%
Pyke W P Plongée spectrale
0%
Varus E P Pluie de flèches
0%
Kai'sa Q P Pluie d'Icathia
0%
Xayah W P Plumage mortel
0%
Rakan P P Plumes enchantées
0%
Xayah P P Plumes perçantes
0%
Zoé P P Plus d'étincelles
0%
Malzahar R P Poigne du Néant
0%
Renata Glasc Q P Poignée de main
0%
Swain Q P Poigne mortifère
0%
Blitzcrank E P Poing d'acier
0%
Irelia R P Pointe de l'avant-garde
0%
Shaco E P Poison double
0%
Jayce E2 P Portail d'accélération
0%
Ryze R P Portail transdimensionnel
0%
Aatrox P P Posture du massacreur
0%
Singed R P Potion de démence
0%
K'Santé W P Pour Nazumah
0%
Gangplank Q P Pourparlers
0%
Lucian E P Poursuite inlassable
0%
Taliyah W P Poussée sismique
0%
Nidalee P P Prédateur
0%
Renekton W P Prédateur impitoyable
0%
Rengar P P Prédateur invisible
0%
Katarina W P Préparation
0%
Poppy W P Présence immuable
0%
Séraphine P P Présence sur scène
0%
Renata Glasc P P Pression
0%
Renata Glasc R P Prise de contrôle hostile
0%
Nami Q P Prison aqueuse
0%
Sejuani R P Prison de glace
0%
Ryze W P Prison runique
0%
Qiyana P P Privilège royal
0%
Veigar E P Profanation
0%
Renata Glasc E P Programme de fidélité
0%
Singed E P Projection
0%
Bel'Veth W P Projection cinglante
0%
Illaoi P P Prophétesse d'un dieu ancestral
0%
Camille P P Protection modulable
0%
Camille Q P Protocole de précision
0%
Rammus E P Provocation frénétique
0%
Jhin E P Public captif
0%
Kassadin E P Pulsation
0%
Draven W P Pulsion sanguinaire
0%
Brand R P Pyrolyse
0%
Jinx E P Pyromâcheurs
0%
Annie P P Pyromanie
0%
Zyra E R Racines fixatrices
0%
Nunu & Willump E R Rafale de boules de neige
0%
Xayah R R Rafale de plumes
0%
Taliyah Q R Rafale filée
0%
Lee Sin P R Rafale (Lee Sin)
0%
Zeri Q R Rafale (Zeri)
0%
Gragas W R Rage d'ivrogne
0%
Olaf P R Rage du berzerker
0%
Gnar P R Rage génique
0%
Tryndamere R R Rage inépuisable
0%
Olaf R R Ragnarök
0%
Ashe E R Rapace
0%
Jhin R R Rappel de rideau
0%
Talon W R Ratissage
0%
Xerath Q R Rayon arcanique
0%
Leona P R Rayon de soleil
0%
Kai'Sa W R Rayon du Néant
0%
Viktor E R Rayon Hextech
0%
Nami R R Raz-de-marée
0%
Gnar E1 R Rebond
0%
Shen W R Refuge spirituel
0%
Cassiopeia R R Regard de la méduse
0%
Sylas W R Régicide
0%
Urgot R R Règne de la terreur
0%
Elise P R Reine araignée
0%
Rakan Q R Rémige rayonnante
0%
Orianna P R Remontoir
0%
Lee Sin W1 R Rempart
0%
Anivia P R Renaissance
0%
Karma RW R Renouveau
0%
Nautilus E R Répliques
0%
Kindred R R Repos d'Agneau
0%
Pyke E R Ressac fantôme
0%
Zilean W R Retour rapide
0%
Zilean R R Retour temporel
0%
Ekko Q R Rétrobang
0%
Ekko P R Rézonance
0%
Sivir W R Ricochet
0%
Fiora W R Riposte
0%
Xerath R R Rite arcanique
0%
Sett Q R Rogne
0%
Sett P R Roi de l'arène
0%
Zyra R R Ronces étrangleuses
0%
Vayne Q R Roulade
0%
Bard E R Route magique
0%
Mordekaiser R R Royaume des morts
0%
Trundle W R Royaume gelé
0%
Ornn E R Ruée ardente
0%
Aatrox E R Ruée obscure
0%
Graves E R Ruée vers l'or
0%
Rengar W R Rugissement
0%
Hwei WQ R Ruisseau
0%
Cho'gath Q R Rupture
0%
Ekko E R Rush déphasé
0%
Shen E R Rush des ombres
0%
Rek'Sai R R Rush du Néant
0%
Irelia Q R Rush fatal
0%
Kennen E R Rush foudroyant
0%
Diana E R Rush lunaire
0%
Azir Q S Sables conquérants
0%
Azir E S Sables mouvants
0%
Talon P S Saignée fatale
0%
Quinn E S Salto
0%
Soraka P S Salut
0%
Ashe W S Salve
0%
Tristana W S Saut roquette
0%
LeBlanc Q S Sceau de malveillance
0%
Dr. Mundo Q S Scie souillée
0%
Evelynn W S Séduction
0%
Kalista W S Sentinelle
0%
Maokai P S Sève magique
0%
Aphelios Arme 2 S Severum, le pistolet-faux
0%
Katarina E S Shunpo
0%
Kennen Q S Shuriken foudroyant
0%
Zed Q S Shuriken-rasoir
0%
Hwei P S Signature du Visionnaire
0%
Singed P S Sillage toxique
0%
Morgana P S Siphon d'âme
0%
Viktor Q S Siphonnage
0%
Kled P S Skaarl, le lézard froussard
0%
Tryndamere Q S Soif de sang
0%
Warwick P S Soif inextinguible
0%
Yorick W S Sombre cortège
0%
Séraphine W S Son ambiophonique
0%
Rek'Sai Q2 S Sondeur explosif
0%
Aurelion Sol Q S Souffle de lumière
0%
Soraka R S Souhait
0%
Karthus E S Souillure
0%
Skarner Q2 S Soulèvement
0%
Trundle R S Soumission
0%
Shen R S Soutien indéfectible
0%
Syndra Q S Sphère noire
0%
Neeko E S Spirale épineuse
0%
Maître Yi E S Style Wuju
0%
Hwei Q S Sujet : Désastres
0%
Hwei W S Sujet : Sérénités
0%
Hwei E S Sujet : Tourments
0%
Jinx R S Super roquette de la mort
0%
Blitzcrank W S Surcharge
0%
Taliyah P S Surf tellurique
0%
Kai'sa E S Surpresseur
0%
Kog'Maw P S Surprise d'Icathia
0%
Kennen W S Surtension
0%
Elise E2 S Suspension
0%
Nidalee E2 T Taillade
0%
Zed E T Taillade des ombres
0%
Gwen Q T Tchac tchac
0%
Viktor R T Tempête arcanique
0%
Yasuo Q T Tempête d'acier
0%
Anivia R T Tempête glaciale
0%
Volibear P T Tempête impitoyable
0%
Volibear R T Tempête incarnée
0%
Rell R T Tempête magnétique
0%
Udyr R T Tempête spirituelle
0%
Zilean P T Temps dans une bouteille
0%
Senna R T Ténèbres aveuglantes
0%
Vex E T Ténèbres imminentes
0%
Graves Q T Terminus
0%
Qiyana W T Terraforce
0%
Skarner Q1 T Terre brisée
0%
Fiddlesticks Q T Terreur
0%
Kindred E T Terreur mortelle
0%
Yuumi Q T Tête chat-sseuse
0%
Tristana R T Tir à impact
0%
Caitlyn R T Tir chirurgical
0%
Caitlyn P T Tir dans la tête
0%
Gangplank R T Tir de barrage
0%
Tristana P T Tir de précision
0%
Ashe P T Tir givrant
0%
Aphelios Q1 T Tir lunaire
0%
Ezreal Q T Tir mystique
0%
Tristana Q T Tir rapide
0%
Teemo E T Tir toxique
0%
Rumble P T Titan de bric-à-brac
0%
Lissandra R T Tombeau polaire
0%
Urgot Q T Torpille corrosive
0%
Nilah E T Torrent
0%
Amumu P T Toucher maudit
0%
Qiyana R T Tour de force suprême
0%
Heimerdinger Q T Tourelle H-28G Evolution
0%
Heimerdinger RQ T Tourelle H-28Q Apogée
0%
Morgana W T Tourment ténébreux
0%
Gragas P T Tournée
0%
Milio P T Tout feu tout flamme
0%
Shaco P T Traîtrise
0%
Renekton E T Tranche et coupe
0%
Syndra P T Transcendance
0%
Ezreal E T Transfert arcanique
0%
Vladimir Q T Transfusion
0%
Warwick W T Traque sanguinaire
0%
Trundle P T Tribut du roi
0%
Fizz W T Trident marin
0%
Lee Sin E1 T Trombe
0%
Shaco Q T Tromperie
0%
Aurelion Sol E T Trou noir
0%
Rek'Sai E2 T Tunnel
0%
Camille R U Ultimatum Hextech
0%
Milio Q U Ultra méga boule de feu
0%
Akali Q V Vague de kunais
0%
Tryndamere P V Vague de violence
0%
Vladimir E V Vagues de sang
0%
Corki W V Valkyrie
0%
Rakan E V Valse guerrière
0%
Aphelios R V Veille au clair de lune
0%
Teemo W V Vélocité
0%
Varus P V Vengeance incarnée
0%
Akshan Q V Vengerang
0%
Twitch P V Venin mortel
0%
Xin Zhao W V Vent et foudre
0%
Janna Q V Vent hurlant
0%
Galio Q V Vents de guerre
0%
Poppy R V Verdict de la gardienne
0%
Aphelios Q5 V Vigie
0%
Hwei EQ V Visage effroyable
0%
Malzahar E V Visions maléfiques
0%
Talon E V Voie de l'assassin
0%
Yasuo P V Voie du vagabond
0%
Nilah W V Voile de liesse
0%
Aurelion Sol W V Vol astral
0%
Sylas P V Volée de pétricite
0%
Draven R V Volée mortelle
0%
Ahri P V Vol essentiel
0%
Zoé W V Voleuse de sort
0%
Briar R V Vol mortel
0%
Karma W V Volonté concentrée
0%
Katarina P V Voracité (Katarina)
0%
Nunu & Willump Q V Voracité (Nunu & Willump)
0%
Mordekaiser P V Vortex de ténèbres
0%
Janna P Z Zéphyr
0%
Nunu & Willump R Z Zéro absolu
0%
Yuumi E Z Zouuu
0%
Aucun quiz correspondant
Distribution des résultats
% des personnes avec chaque résultat
Percentile par nombre de réponses
Votre historique - résultats
Vous n’avez pas pris ce quiz depuis la dernière actualisation